000 00541nam a2200205Ia 4500
003 OSt
005 20230619105557.0
008 210423s1975 xx 000 0 und d
040 _cAL
041 _aeng
082 _a307.1772
_223
_bTHUC
100 _aTHURSTON (Edgar)
_9104727
245 _aCastes and tribes of southern india
260 _aDelhi
_bCosmo Publications
_c1975
365 _b110
_cINR
650 _aCommunities
_9104728
650 _aSociology
_9104729
906 _aCastes ; india ; southern ; tribes
942 _2ddc
_cBK
999 _c172129
_d172129